Top 15 der betroffenen Covid-19-Länder - 8. Mai - Statistiken

Allgemein
  • Dieses Quiz wurde 12 mal gespielt
  • Das Durchschnittsergebnis liegt bei 16 aus 24
Antwortstatistiken
Land % Korrekt
China
100%
Deutschland
100%
Russland
100%
Vereinigtes Königreich
100%
Vereinigte Staaten
100%
Brasilien
92%
Italien
92%
Schweden
92%
Spanien
92%
Frankreich
83%
Indien
83%
Kanada
75%
Türkei
75%
Belgien
58%
Iran
58%
Irland
58%
Niederlande
58%
Schweiz
50%
Portugal
42%
Katar
33%
Peru
33%
Bahrain
25%
Singapur
25%
Weißrussland
17%
Keine übereinstimmenden Quizze gefunden
Verteilung der Resultate
Anzahl Personen mit jedem Resultat
Perzentil nach korrekt beantworteten Fragen
Ihre Resultats-Entwicklung
Sie haben dieses Quiz noch nicht gespielt